000 00411nam a2200145Ia 4500
008 231129s2006||||xx |||||||||||||| ||spa||
020 _a958-978925-0-7
040 _bspa
082 _a(i) 891.73 F294c
100 _aFedorova Mariana
245 0 _aEl circo más pequeño del mundo
260 _c2006
264 _aBogotá Colombia : Cangrejo Editores
942 _2ddc
_cBKS
999 _c10579
_d10579